Biện pháp quản lý công tác giáo dục môi trường ở các trường trung học cơ sở trên địa bàn quận Thanh Khê thành phố Đà Nẵng

Cơ sở lý luận quản lý công tác giáo dục môi trường ở trường trung học cơ sở; Thực trạng quản lý công tác giáo dục môi trường ở các trường THCS trên địa bàn quận Thanh Khê, thành phố Đà Nẵng; Biện pháp quản lý công tác giáo dục môi trường ở các trường trung học cơ sở trên địa bàn quận Thanh Khê, thàn...

Ful tanımlama

Kaydedildi:
Detaylı Bibliyografya
Yazar: Nguyễn Tý
Diğer Yazarlar: Nguyễn Quang Giao T.S (Hướng dẫn)
Materyal Türü: Kitap
Baskı/Yayın Bilgisi: Đà Nẵng Đại học Đà Nẵng 2012
Konular:
Etiketler: Etiketle
Etiket eklenmemiş, İlk siz ekleyin!
Thư viện lưu trữ: Mạng thư viện Đại học Đà Nẵng
LEADER 01960nam a2200325 4500
001 000017809
003 14235
005 20130830100806.0
008 130610s2012 sd
082 |a 373.236  |b NG-T 
100 |a Nguyễn Tý 
245 |a Biện pháp quản lý công tác giáo dục môi trường ở các trường trung học cơ sở trên địa bàn quận Thanh Khê thành phố Đà Nẵng  |c Nguyễn Tý ; Nguyễn Quang Giao hướng dẫn.  |k Luận văn Thạc sĩ 
260 |a Đà Nẵng  |b Đại học Đà Nẵng  |c 2012 
300 |a 112 tr., phụ lục 11 tr.  |c 29 cm.  |e CD + tóm tắt 
500 |a Luận văn thạc sĩ Giáo dục học. Chuyên ngành: Quản lý giáo dục. Mã số: 60.14.05. 
520 |a Cơ sở lý luận quản lý công tác giáo dục môi trường ở trường trung học cơ sở; Thực trạng quản lý công tác giáo dục môi trường ở các trường THCS trên địa bàn quận Thanh Khê, thành phố Đà Nẵng; Biện pháp quản lý công tác giáo dục môi trường ở các trường trung học cơ sở trên địa bàn quận Thanh Khê, thành phố Đà Nẵng... 
650 0 4 |a Giáo dục THCS  |v Luận văn tốt nghiệp  |x Quản lý  |z Đà Nẵng 
650 0 4 |a Giáo dục môi trường  |v Luận văn tốt nghiệp  |x Quản lý 
653 |a Quản lý giáo dục.  |a Giáo dục THCS  |a Giáo dục môi trường 
700 |a Nguyễn Quang Giao  |c T.S  |e Hướng dẫn 
OWN |a LSP 
AVA |a UDN50  |b LSP  |d 373.236 NG-T  |e available  |t Error 5001 Not defined in file expand_doc_bib_avail.  |f 1  |g 0  |h N  |i 0  |k 1 
999 |a From the UDN01 
AVA |a UDN50  |b LSP  |d 373.236 NG-T  |e available  |t Error 5001 Not defined in file expand_doc_bib_avail.  |f 1  |g 0  |h N  |i 0  |k 1 
TYP |a Monograph 
TYP |a Printed language 
980 |a Mạng thư viện Đại học Đà Nẵng